Les club français avec la meilleurs moyenne d'affluence au stade - Statistiques

Statistiques générales
  • Ce quiz a été pris 247 fois
  • Le résultat moyen est 16 sur 20
Statistiques - réponses
Top Moyenne d'affluence % de remplissage Club % Correct
1 62 654 94,6% Olympique de Marseille
99%
2 46 375 96,8% Paris Saint Germain
99%
3 43 878 76,7% Olympique Lyonnais
96%
4 37 577 98,3% RC Lens
95%
5 35 174 70,1% LOSC Lille
94%
7 27 656 92,9% Stade Rennais
92%
6 29 972 84,9% FC Nantes
90%
10 22 331 62,7% OGC Nice
89%
8 25 247 96,7% RC Strasbourg
87%
11 20 179 91,7% Girondins de Bordeaux
86%
9 23 268 70,2% Toulouse FC
85%
12 19 534 46,5% AS Saint-Etienne
82%
16 13 613 61,9% Montpellier HSC
77%
19 12 152 79,8% Stade Brestois 29
75%
17 13 368 65,1% Stade de Reims
70%
15 14 314 51,1% FC Metz
69%
14 14 633 79,1% FC Lorient
68%
13 15 392 85,9% AJ Auxerre
60%
18 13 252 65,3% SM Caen
52%
20 11 972 59,8% FC Sochaux
48%
Aucun quiz correspondant
Distribution des résultats
% des personnes avec chaque résultat
Percentile par nombre de réponses
Votre historique - résultats
Vous n’avez pas pris ce quiz